| 000 | 00556nam a2200229Ia 4500 | ||
|---|---|---|---|
| 008 | 170918s9999 xx 000 0 und d | ||
| 020 | _a9780545000901 | ||
| 050 | _bK265 2009 | ||
| 100 | _aKeene, Carolyn | ||
| 245 | _aClue crew : | ||
| 245 | _bsleepover sleuths / | ||
| 245 | _cCarolyn Keene ; illustrated by Macky Pamintuan. | ||
| 260 | _aNew York : | ||
| 260 | _bScholastic, | ||
| 260 | _c2006 | ||
| 300 | _a81 pages : | ||
| 300 | _bcolored illustration ; | ||
| 300 | _c19cm. | ||
| 440 | _aNancy Drew ; | ||
| 440 | _v1 | ||
| 500 | _a580 | ||
| 999 |
_c341610 _d341610 |
||